Markets (Record no. 84252)

MARC details
000 -LEADER
fixed length control field 01078cab a22002175a 4500
001 - CONTROL NUMBER
control field L157059
008 - FIXED-LENGTH DATA ELEMENTS--GENERAL INFORMATION
fixed length control field 120828e20120817xxk 000 0 eng d
035 ## - SYSTEM CONTROL NUMBER
System control number (Sirsi) u157059
041 0# - LANGUAGE CODE
Language code of text/sound track or separate title eng
100 1# - MAIN ENTRY--PERSONAL NAME
Personal name Watson, Stuart
245 00 - TITLE STATEMENT
Title Markets
Remainder of title business and science parks
260 ## - PUBLICATION, DISTRIBUTION, ETC.
Date of publication, distribution, etc. 2011
490 #0 - SERIES STATEMENT
Series statement Property Week
Volume/sequential designation 78(33) 17 August 2012, 39-45(4)
520 ## - SUMMARY, ETC.
Summary, etc. Oxford Properties has used money from Cisco surrender package to refit empty properties on the Green Park Business Park in Reading. Construction work is due to start in early September on Haverhill Research Park partially funded by New Anglia and Greater Cambridge Greater Peterborough. Outlines the advantages of the business park model. Toy R Us has moved its UK headquarters to Maidenhead Business Park. According to GVA's "Business Parks", 1 H 2012 take up is up, availability has increased but UK development is down.
590 ## - LOCAL NOTE (RLIN)
Local note KA
651 #4 - SUBJECT ADDED ENTRY--GEOGRAPHIC NAME
Geographic name United Kingdom
Chronological subdivision
690 ## - LOCAL SUBJECT ADDED ENTRY--TOPICAL TERM (OCLC, RLIN)
Topical term or geographic name as entry element Commercial property
9 (RLIN) 6227
690 ## - LOCAL SUBJECT ADDED ENTRY--TOPICAL TERM (OCLC, RLIN)
Topical term or geographic name as entry element Investments
9 (RLIN) 6250
690 ## - LOCAL SUBJECT ADDED ENTRY--TOPICAL TERM (OCLC, RLIN)
Topical term or geographic name as entry element Residential property
9 (RLIN) 6266
942 ## - ADDED ENTRY ELEMENTS (KOHA)
Suppress in OPAC 0
Holdings
Withdrawn status Lost status Source of classification or shelving scheme Damaged status Not for loan Home library Current library Shelving location Date acquired Total Checkouts Full call number Barcode Date last seen Copy number Price effective from Koha item type
    Dewey Decimal Classification     London London Journal article 28/08/2012   L157059 157059-1001 06/08/2019 1 06/08/2019 Journal article